| 000 | 00900nam a22002537i 4500 | ||
|---|---|---|---|
| 999 |
_c23286 _d23286 |
||
| 003 | AR-CdUCM | ||
| 008 | 250425b20192019 pe||||| |||| 00| 0 spa d | ||
| 020 | _a978-612-00-4380-6 | ||
| 040 |
_aMUNICIPALIDAD PROVINCIAL DEL CUSCO _cBIBLIOTECA MUNICIPAL DEL CUSCO |
||
| 041 | _hspa | ||
| 082 |
_aSI / 398.209 / A72 _bA72 |
||
| 100 |
_aArias Muñoz, Nieves _951168 |
||
| 245 | _aJunto al arco iris - K'uychiq kuskallampi / Texto en español y quechua | ||
| 260 |
_aWanchaq-Cusco : _bAutor-Editor _c2019 |
||
| 300 |
_a97 páginas. : _c19x15 cm. |
||
| 505 | _aLa noticia, uk willacuy -- El monje, Ta ta cura -- El caballo, p'aqocaballo -- Los gentiles, gentil runakuna | ||
| 650 |
_aLiteratura infantil _9588 |
||
| 650 |
_aEl monje _951169 |
||
| 650 |
_aEl caballo _951170 |
||
| 650 |
_aWiraqocha todo mono _951171 |
||
| 650 |
_aEl libro _951172 |
||
| 942 |
_2ddc _cLIBROS |
||
| 945 |
_apbjr _d25-04-2025 |
||